[Event "Gornozavodsk-ch 8th okrug op"]
[Site "Nizhnij Tagil"]
[Date "2007.07.26"]
[Round "3"]
[White "Savchenko, Mikhail"]
[Black "Povodyr, Alexander"]
[Result "1/2-1/2"]
[WhiteElo "1986"]
[BlackElo "1960"]
[PlyCount "88"]
[EventDate "2007.07.24"]
[EventType "swiss"]
[EventRounds "9"]
[EventCountry "RUS"]
[SourceTitle "EXT 2022"]
[Source "ChessBase"]
[SourceDate "2021.10.06"]
[SourceVersion "1"]
[SourceVersionDate "2021.10.06"]
[SourceQuality "1"]

1. Nf3 d5 2. g3 Nf6 3. Bg2 e6 4. 0-0 Bd6 5. d3 Nbd7 6. Nbd2 b6 7. c4 Bb7 8. Qc2 c5 9. b3 0-0 10. Bb2 d4 11. e3 e5 12. exd4 exd4 13. Rae1 Qc7 14. Nh4 Rfe8 15. Nf5 Bf8 16. Bc1 Bxg2 17. Kxg2 Re5 18. Nh4 Rae8 19. Ndf3 Qc6 20. Kg1 Rxe1 21. Rxe1 Rxe1+ 22. Nxe1 Qe6 23. Nef3 h6 24. Ng2 g5 25. Qd1 Ng4 26. h4 f6 27. hxg5 hxg5 28. b4 Qf5 29. Qe2 Nde5 30. Nge1 Bd6 31. b5 Kg7 32. Ba3 Qe6 33. Qd2 Kg6 34. Bc1 Nf7 35. a3 Nge5 36. a4 Qh3 37. Qe2 f5 38. Nxe5+ Nxe5 39. Nf3 Nxf3+ 40. Qxf3 Qh7 41. Bd2 Qe7 42. a5 bxa5 43. Bxa5 g4 44. Qd5 f4 1/2-1/2